00904nam0a22002411 4500001001100000005001700011021001900028035002600047100004100073101000800114102000700122105001800129200014000147210005100287215004000338225009200378320003100470606004400501700005800545801001800603801002200621852001900643rc\475983720250613074641.0 aRUb[58-26015] a(NLR Aleph) 009016173 a20130417d1958 |||y0rusy50 ca0 arus aRU aa z |||||1 aУстройство и опыт технической эксплуатации теплоходов типа "Углегорск" aМоскваcМор. транспортd1958 a202 с., 3 л. черт.cил.d211 aБиблиотека обмена опытом на морском транспорте aБиблиогр.: с. 199 aТеплоходы морские2psbo 1aЛазаревbП.В.gПетр Васильевич 0aRUbNLRgpsbo 1aRUbELAR2rusmarc aNLRj58-3/2490